000 00391 a2200145 4500
005 20250516112751.0
020 _a0-471-64985-6
082 _a658.404 CAL
100 _aCALLAHAN, K.
245 _aEssentials of Strategic Project Management.
260 _aCanada,
_bJohn Wiley &son, Inc,
_c2004.
300 _axi, 209p.: Ill.; figures
_bIndex
_c22cm.
700 _aBROOKS, L.
942 _2ddc
_cBKS
999 _c2394
_d2394